• 首页
  • 本馆介绍
  • 公告通知
  • 最新文献
  • 馆藏检索
  • 电子资源
  • 读者导购
  • 参考咨询
  • 我的图书馆
  • 登录
  • 详细信息显示
  • 放入我的书架
  • 预约/预借图书
  • 作者相关作品
  • 分类相关作品
  • 丛书相关作品
  • 出版社相关作品

书目信息

  • 表格格式
  • 工作单格式
  • 卡片格式
题名:
产业转移与区域不平衡发展
    
 
作者: 金利霞 著
分册:  
出版信息: 北京   科学出版社  2017
页数: 158页
开本: 24cm
丛书名:
单 册:
中图分类: F127.65
科图分类:
主题词: 产业转移--关系--区域经济发展--研究--广东
电子资源:
ISBN: 978-7-03-049965-3
000 01272nam0 2200241 450
001 012001001541
005 20140921103355.0
010    @a978-7-03-049965-3@dCNY60.00
100    @a20170802d2017 em y0chiy50 ea
101 0  @achi
102    @aCN@b110000
105    @aa z 000yy
106    @ar
200 1  @a产业转移与区域不平衡发展@9chan ye zhuan yi yu qu yu bu ping heng fa zhan@e以广东省为例@f金利霞著
210    @a北京@c科学出版社@d2017
215    @a158页@c图@d24cm
300    @a国家自然科学基金项目“基于新马克思主义理论的劳动力空间生产:过程、响应和机制——以珠三角为例” 广东省自然科学基金项目“区域协调背景下‘核心——边缘’地区共建经济合作区的形成机制与发展模式研究” 国家自然科学基金项目“全球化下珠三角区域发展模式的转型研究:制度演化与产业重组”等
330    @a本书基于政治经济地理学的劳动空间分工理论,对中国转型经济背景下广东省区域经济不平衡发展问题进行新的探讨和审视。基于此,详细论述2000年以来广东省新一轮产业空间重组的时空过程及其对区域经济不平衡发展的影响和作用机制。并从企业生产空间组织变化的微观层面分析区域经济不平衡发展的新机制、新形式。
606 0  @a产业转移@x关系@x区域经济发展@x研究@y广东
690    @aF127.65@v5
701  0 @a金利霞@9jin li xia@c(女,@f1976-)@4著
801  0 @aCN@b上海新华@c20180901
905    @b1156580-4@dF127.65@e336@f5
    
    产业转移与区域不平衡发展:以广东省为例/金利霞著.-北京:科学出版社,2017
    158页:图;24cm
    国家自然科学基金项目“基于新马克思主义理论的劳动力空间生产:过程、响应和机制——以珠三角为例” 广东省自然科学基金项目“区域协调背景下‘核心——边缘’地区共建经济合作区的形成机制与发展模式研究” 国家自然科学基金项目“全球化下珠三角区域发展模式的转型研究:制度演化与产业重组”等
    
    ISBN 978-7-03-049965-3:CNY60.00
    本书基于政治经济地理学的劳动空间分工理论,对中国转型经济背景下广东省区域经济不平衡发展问题进行新的探讨和审视。基于此,详细论述2000年以来广东省新一轮产业空间重组的时空过程及其对区域经济不平衡发展的影响和作用机制。并从企业生产空间组织变化的微观层面分析区域经济不平衡发展的新机制、新形式。
●
相关链接 在E读中查询图书 在五车中查询图书 在当当中查询图书 在豆瓣中查询图书


正题名:产业转移与区域不平衡发展     索取号:F127.65/336         预约/预借

序号 登录号 条形码 馆藏地/架位号 状态 备注
1 1156580   211565803   第一样本阅览室/ [索取号:F127.65/336] 在馆    
2 1156581   211565812   第一借阅区/ [索取号:F127.65/336] 在馆    
3 1156582   211565821   密集书库-海洋学院/ [索取号:F127.65/336] 在馆    
4 1156583   211565830   第一借阅区/ [索取号:F127.65/336] 在馆    
5 1156584   211565849   第一借阅区/ [索取号:F127.65/336] 在馆    
唐山师范学院图书馆 欢迎您!
大连网信软件有限公司© 版权所有